MDQL
is popping MORE tags! Check the
thread
!
Quizzes
Events
Quiz Creation
Community
Videos
Private Events
Remove Ads
Sign In
Join for FREE
Feedback
Dark Mode
Quiz Categories
Sports
Geography
Music
Movies
Television
Just For Fun
Miscellaneous
History
Literature
Language
Science
Gaming
Entertainment
Religion
Holiday
For Kids
Quiz Lab
Recent
Popular Today
Quiz Kudos Today
Editor Picks
Curator Picks
Quizzes by...
Day
Popularity
Type
Ratings
Length
Year
Community
Subscriptions
Recent Discussions
Orange Saloon
Badges
Playlists
Quests
Create
Leaderboards
Showdown
Live 5
Trivia Bingo
Activity
Puzzle Library
Sporcle Events
Private Events
Virtual Trivia
Globe League
Become a Host
Pub Owners
SporcleCon
Opinionation
Our Games
Videos
Blog
Mobile Apps
Partnerships
Remove Ads and Go Orange
Feedback
Sports
Athletes
MLB
NBA
NHL
NFL
Soccer
Sports Teams
WWE
NCAA
Football
Premier League
Basketball
Baseball
Hockey
Golf
Tennis
Cricket
Rugby
Auto Racing
Olympics
World Cup
Sports
Athletes
MLB
NBA
NHL
NFL
Soccer
Sports Teams
WWE
NCAA
Football
Premier League
Basketball
Baseball
Hockey
Golf
Tennis
Cricket
Rugby
Auto Racing
Olympics
World Cup
Random Quiz
Search Sporcle
×
Quiz Lab
Quiz Lab
Sports
WWE
Type in answers that appear in a list
Type in answers that appear in a list
Classic
Best Score? Go Orange.
WWE Men's Singles Championship Winners Stats
Can you name every holder of a men's singles championship in WWE history? (Excluding Hardcore Championship)
By
antagonjst
10m
299 Questions
1,613 Plays
1,613 Plays
1,613 Plays
Comments
Comments
Give Quiz Kudos
Give Quiz Kudos
-
- Ratings
hide this ad
Replay
Link that replays current quiz
Next Quiz
Link to next quiz in quiz playlist
You Got
0%
They Got
Avg Score
67%
Avg Friend Score
Upgrade to see
Score Distribution
Jump to the score distribution portion of the page
Score
0/299
Timer
10:00
0
Plays Today
Title
Wrestler
% Correct
WWE Universal Championship
Finn Bálor/Seth Rollins
100%
WWF Junior Heavyweight Championship
Ryuma Go
99.9%
WWE World Championship
Triple H
94%
World Heavyweight Championship
Triple H
94%
WWE Intercontinental Championship
Triple H
94%
WWE European Championship
Triple H
94%
WWE World Championship
John Cena
93.5%
World Heavyweight Championship
John Cena
93.5%
WCW/
WWE United States Championship
John Cena
93.5%
WWE World Championship
Shawn Michaels
92.2%
WWE World Championship
Seth Rollins
92.2%
World Heavyweight Championship
Shawn Michaels
92.2%
WWE Intercontinental Championship
Shawn Michaels
92.2%
WCW/
WWE United States Championship
Seth Rollins
92.2%
WWE European Championship
Shawn Michaels
92.2%
NXT Championship
Seth Rollins
92.2%
WWE World Championship
The Rock
92.1%
WCW Championship
The Rock
92.1%
WWE Intercontinental Championship
The Rock
92.1%
WWE Intercontinental Championship
Don Muraco
92%
WWE World Championship
Hulk Hogan
91.6%
WWE World Championship
The Undertaker
91.3%
WWE World Championship
Steve Austin
91.3%
World Heavyweight Championship
The Undertaker
91.3%
WWE Intercontinental Championship
Steve Austin
91.3%
Million Dollar Championship
The Ringmaster
91.3%
WWE World Championship
Edge
91.2%
World Heavyweight Championship
Edge
91.2%
WWE Intercontinental Championship
Edge
91.2%
WCW/
WWE United States Championship
Edge
91.2%
WWE World Championship
Randy Orton
90.9%
World Heavyweight Championship
Randy Orton
90.9%
WWE Intercontinental Championship
Randy Orton
90.9%
WWE World Championship
Kane
90.7%
World Heavyweight Championship
Kane
90.7%
ECW Championship
Kane
90.7%
WWE Intercontinental Championship
Kane
90.7%
WWE World Championship
Chris Jericho
90%
World Heavyweight Championship
Chris Jericho
90%
WCW Championship
Chris Jericho
90%
WWE Intercontinental Championship
Chris Jericho
90%
WWE European Championship
Chris Jericho
90%
WWE Intercontinental Championship
Goldust
89.9%
WWE World Championship
Big Show
89.4%
World Heavyweight Championship
Big Show
89.4%
ECW Championship
Big Show
89.4%
WWE Intercontinental Championship
Big Show
89.4%
WWE World Championship
Bret Hart
89.1%
WWE Intercontinental Championship
Bret Hart
89.1%
WCW/
WWE United States Championship
Bret Hart
89.1%
WWE World Championship
Eddie Guerrero
88.2%
WWE Intercontinental Championship
Eddie Guerrero
88.2%
WCW/
WWE United States Championship
Eddie Guerrero
88.2%
WWE European Championship
Eddie Guerrero
88.2%
WWE World Championship
Dean Ambrose
87.9%
WWE Intercontinental Championship
Dean Ambrose
87.9%
WCW/
WWE United States Championship
Dean Ambrose
87.9%
WWE World Championship
Ric Flair
87.9%
WWE Intercontinental Championship
Ric Flair
87.9%
WWE Intercontinental Championship
Owen Hart
87.6%
WWE European Championship
Owen Hart
87.6%
WWE World Championship
CM Punk
87.2%
World Heavyweight Championship
CM Punk
87.2%
ECW Championship
CM Punk
87.2%
WWE Intercontinental Championship
CM Punk
87.2%
WCW/
WWE United States Championship
Big Show
87.1%
World Heavyweight Championship
Chris Benoit
87.1%
WWE Intercontinental Championship
Chris Benoit
87.1%
WCW/
WWE United States Championship
Chris Benoit
87.1%
ECW Championship
Chavo Guerrero
86.9%
WCW/
WWE Cruiserweight Championship
Chavo Guerrero
86.9%
WCW/
WWE Cruiserweight Championship
Chavo Classic
86.9%
WWE World Championship
Rey Mysterio
86.8%
World Heavyweight Championship
Rey Mysterio
86.8%
WWE Intercontinental Championship
Rey Mysterio
86.8%
WCW/
WWE Cruiserweight Championship
Rey Mysterio
86.8%
WWE World Championship
Mankind
86.4%
WWE World Championship
Jeff Hardy
86.3%
World Heavyweight Championship
Jeff Hardy
86.3%
WWE Intercontinental Championship
Jeff Hardy
86.3%
WWE European Championship
Jeff Hardy
86.3%
WWF Light Heavyweight Championship
Jeff Hardy
86.3%
WWE World Championship
Kurt Angle
86.2%
World Heavyweight Championship
Kurt Angle
86.2%
World Heavyweight Championship
Christian
86.2%
WCW Championship
Kurt Angle
86.2%
ECW Championship
Christian
86.2%
WWE Intercontinental Championship
Kurt Angle
86.2%
WWE Intercontinental Championship
Christian
86.2%
WCW/
WWE United States Championship
Kurt Angle
86.2%
WWE European Championship
Kurt Angle
86.2%
WWE European Championship
Christian
86.2%
WWF Light Heavyweight Championship
Christian
86.2%
WWE World Championship
Brock Lesnar
85.9%
WWE World Championship
Randy Savage
85.8%
ECW Championship
Matt Hardy
85.8%
WWE Intercontinental Championship
Randy Savage
85.8%
WCW/
WWE United States Championship
Matt Hardy
85.8%
WWE European Championship
Matt Hardy
85.8%
WCW/
WWE Cruiserweight Championship
Matt Hardy
85.8%
Title
Wrestler
% Correct
WWE World Championship
The Miz
85.4%
WWE Intercontinental Championship
The Miz
85.4%
WCW/
WWE United States Championship
The Miz
85.4%
World Heavyweight Championship
King Booker
85.3%
WCW Championship
Booker T
85.3%
WWE Intercontinental Championship
Booker T
85.3%
WCW/
WWE United States Championship
Booker T
85.3%
WWE World Championship
Batista
84.8%
World Heavyweight Championship
Batista
84.8%
WWE World Championship
Rob Van Dam
83.8%
ECW Championship
Rob Van Dam
83.8%
WWE Intercontinental Championship
Rob Van Dam
83.8%
WWE European Championship
Rob Van Dam
83.8%
WWE World Championship
Diesel
83.4%
WWE Intercontinental Championship
Diesel
83.4%
WWE World Championship
The Ultimate Warrior
83%
WWE Intercontinental Championship
The Ultimate Warrior
83%
WWE World Championship
Daniel Bryan
82.7%
World Heavyweight Championship
Daniel Bryan
82.7%
WWE Intercontinental Championship
Daniel Bryan
82.7%
WCW/
WWE United States Championship
Daniel Bryan
82.7%
WWE World Championship
Bruno Sammartino
82.6%
WWE World Championship
John 'Bradshaw' Layfield
82.3%
WWE Intercontinental Championship
John 'Bradshaw' Layfield
82.3%
WCW/
WWE United States Championship
John 'Bradshaw' Layfield
82.3%
WWE European Championship
Bradshaw
82.3%
WWE World Championship
Sheamus
82.3%
World Heavyweight Championship
Sheamus
82.3%
WCW/
WWE United States Championship
Sheamus
82.3%
WWE World Championship
Vince McMahon
82.2%
ECW Championship
Vince McMahon
82.2%
WWE European Championship
Shane McMahon
80.5%
WWE World Championship
André the Giant
80.4%
World Heavyweight Championship
Mark Henry
79.9%
ECW Championship
Mark Henry
79.9%
WWE European Championship
Mark Henry
79.9%
WWE World Championship
Alberto del Rio
79.9%
World Heavyweight Championship
Alberto del Rio
79.9%
WCW/
WWE United States Championship
Alberto del Rio
79.9%
World Heavyweight Championship
Dolph Ziggler
79.3%
WWE Intercontinental Championship
Dolph Ziggler
79.3%
WCW/
WWE United States Championship
Dolph Ziggler
79.3%
WWE World Championship
Roman Reigns
78.7%
WWE World Championship
Bob Backlund
78%
WWE World Championship
Yokozuna
77.8%
WWE World Championship
The Iron Sheik
76.2%
World Heavyweight Championship
Goldberg
75.9%
WWE World Championship
Sgt. Slaughter
75.1%
World Heavyweight Championship
Jack Swagger
74.6%
ECW Championship
Jack Swagger
74.6%
WCW/
WWE United States Championship
Jack Swagger
74.6%
WWE World Championship
Pedro Morales
74.3%
WWE Intercontinental Championship
Pedro Morales
74.3%
WWWF United States Heavyweight Championship
Pedro Morales
74.3%
WWF North American Heavyweight Championship
Ted DiBiase
73.8%
Million Dollar Championship
Ted DiBiase
73.8%
Million Dollar Championship
Ted DiBiase, Jr.
73.8%
ECW Championship
Bobby Lashley
73.8%
WCW/
WWE United States Championship
Bobby Lashley
73.8%
WWE World Championship
Buddy Rogers
73.3%
WWE World Championship
Sycho Sid
73.3%
WWE Intercontinental Championship
Kevin Owens
73.1%
NXT Championship
Kevin Owens
73.1%
WWE Intercontinental Championship
British Bulldog
73.1%
WWE European Championship
British Bulldog
73.1%
WWE European Championship
X-Pac
72.7%
WCW/
WWE Cruiserweight Championship
X-Pac
72.7%
WWF Light Heavyweight Championship
X-Pac
72.7%
WWE Intercontinental Championship
Big E Langston
70.3%
NXT Championship
Big E Langston
70.3%
WWF Junior Heavyweight Championship
Dynamite Kid
70.1%
WWE Intercontinental Championship
Pat Patterson
69.7%
WWE Intercontinental Championship
Cody Rhodes
69.7%
WWF North American Heavyweight Championship
Pat Patterson
69.7%
WWE Intercontinental Championship
Razor Ramon
69.3%
WWE Intercontinental Championship
Kofi Kingston
68.6%
WCW/
WWE United States Championship
Kofi Kingston
68.6%
World Heavyweight Championship
The Great Khali
68.5%
ECW Championship
John Morrison
68.2%
WWE Intercontinental Championship
Johnny Nitro/John Morrison
68.2%
WWE World Championship
Billy Graham
67.4%
WWE Intercontinental Championship
Billy Gunn
65.7%
WWE World Championship
Stan Stasiak
65.2%
WWE World Championship
Ivan Koloff
65%
WWE Intercontinental Championship
Ricky Steamboat
64.6%
WWE Intercontinental Championship
Road Dogg
64.5%
WWWF United States Heavyweight Championship
The Sheik
64.5%
NXT Championship
Finn Balor
63.3%
WWE Intercontinental Championship
Roddy Piper
63%
ECW Championship
Ezekiel Jackson
62.3%
WWE Intercontinental Championship
Ezekiel Jackson
62.3%
WWE Intercontinental Championship
William Regal
61.7%
WWE European Championship
William Regal
61.7%
ECW Championship
Tommy Dreamer
61.6%
WWE Intercontinental Championship
Test
61.6%
WWE European Championship
Test
61.6%
WWE Intercontinental Championship
Jeff Jarrett
61.5%
WWE European Championship
Jeff Jarrett
61.5%
WWE Intercontinental Championship
Mr. Perfect
61%
WWE Intercontinental Championship
Wade Barrett
61%
Title
Wrestler
% Correct
NXT Championship
Sami Zayn
60.6%
WWE Intercontinental Championship
Rick Rude
60.3%
WWE Intercontinental Championship
The Honky Tonk Man
58.7%
WWE Intercontinental Championship
D'Lo Brown
58.7%
WWE European Championship
D'Lo Brown
58.7%
WWE Intercontinental Championship
Ken Shamrock
58.3%
NXT Championship
Samoa Joe
57.7%
WWE Intercontinental Championship
Shelton Benjamin
57.3%
WCW/
WWE United States Championship
Shelton Benjamin
57.3%
WWE Intercontinental Championship
Chyna
56.7%
WWE Intercontinental Championship
Umaga
55.7%
WWE Intercontinental Championship
Carlito
55.1%
WCW/
WWE United States Championship
Carlito
55.1%
WWE Intercontinental Championship
Tito Santana
54.8%
WWE Intercontinental Championship
Val Venis
54%
WWE European Championship
Val Venis
54%
NXT Championship
Adrian Neville
53.1%
WCW/
WWE United States Championship
Montel Vontavious Porter
52.7%
WWE European Championship
Spike Dudley
52.1%
WCW/
WWE Cruiserweight Championship
Spike Dudley
52.1%
WWE Intercontinental Championship
Rikishi
51.4%
WWE Intercontinental Championship
Ahmed Johnson
51.1%
WWE Intercontinental Championship
Ryback
51.1%
WWE Intercontinental Championship
Greg Valentine
50.9%
Million Dollar Championship
Virgil
50.5%
WWE Intercontinental Championship
Santino Marella
50.4%
WCW/
WWE United States Championship
Santino Marella
50.4%
WWE Intercontinental Championship
The Godfather
50.3%
WWE Intercontinental Championship
Albert
50.1%
NXT Championship
Bo Dallas
50%
WWE Intercontinental Championship
Zack Ryder
49.9%
WCW/
WWE United States Championship
Zack Ryder
49.9%
WCW/
WWE United States Championship
Rusev
49.9%
WWE Intercontinental Championship
Drew McIntyre
49.5%
WCW/
WWE United States Championship
Antonio Cesaro
49%
WWE Intercontinental Championship
Lance Storm
48.6%
WWE Intercontinental Championship
The Mountie
48.4%
WCW/
WWE United States Championship
Finlay
48.1%
WWE Intercontinental Championship
Marty Jannetty
48%
WWF Light Heavyweight Championship
Dean Malenko
47.9%
WWE Intercontinental Championship
The Texas Tornado
47.3%
WWE Intercontinental Championship
Luke Harper
47.3%
WCW/
WWE United States Championship
Mr. Kennedy
47.3%
WCW/
WWE United States Championship
Tajiri
46.7%
WCW/
WWE Cruiserweight Championship
Tajiri
46.7%
WWF Light Heavyweight Championship
Tajiri
46.7%
WCW/
WWE Cruiserweight Championship
Billy Kidman
45.8%
WWE European Championship
Crash Holly
44.8%
WWF Light Heavyweight Championship
Crash Holly
44.8%
WWE Intercontinental Championship
Ken Patera
44.6%
WWE European Championship
The Hurricane
44.5%
WCW/
WWE Cruiserweight Championship
Gregory Helms
44.5%
WCW/
WWE United States Championship
R-Truth
43.7%
WCW/
WWE United States Championship
Rhyno
43.5%
WWE Intercontinental Championship
Marc Mero
42.7%
WWE Intercontinental Championship
Dean Douglas
41.9%
WWE European Championship
Diamond Dallas Page
41.7%
WWE Intercontinental Championship
Curtis Axel
41.5%
WWE European Championship
Perry Saturn
40.4%
WWF Light Heavyweight Championship
Taka Michinoku
40.2%
WCW/
WWE United States Championship
Kalisto
39.8%
WCW/
WWE Cruiserweight Championship
Jamie Noble
37.9%
WCW/
WWE United States Championship
Orlando Jordan
36.5%
WCW/
WWE Cruiserweight Championship
Hornswoggle
35.4%
WCW/
WWE United States Championship
Chris Kanyon
35.3%
WWF Light Heavyweight Championship
Gillberg
34.6%
WWE European Championship
Al Snow
31.5%
WWF Light Heavyweight Championship
Essa Rios
29.8%
WWE European Championship
Mideon
29.2%
WWF Light Heavyweight Championship
Scotty 2 Hotty
29.2%
WWF World Martial Arts Heavyweight Championship
Antonio Inoki
28.9%
WCW/
WWE Cruiserweight Championship
Funaki
28.7%
WCW/
WWE Cruiserweight Championship
Paul London
28.5%
WCW/
WWE Cruiserweight Championship
Juventud
27.9%
WCW/
WWE Cruiserweight Championship
Jacqueline
27.2%
WWF Canadian Championship
Dino Bravo
25.4%
WCW/
WWE Cruiserweight Championship
Kid Kash
21.9%
WWF Light Heavyweight Championship
Jerry Lynn
21.3%
WCW/
WWE Cruiserweight Championship
Nunzio
19.9%
WWF Junior Heavyweight Championship
Tiger Mask
13.6%
WWF Junior Heavyweight Championship
Tatsumi Fujinami
12.2%
WWF International Heavyweight Championship
Tatsumi Fujinami
12.2%
WWWF United States Heavyweight Championship
Bobo Brazil
9%
WWF Junior Heavyweight Championship
Black Tiger
9%
WWF Junior Heavyweight Championship
The Cobra
5.5%
WWF International Heavyweight Championship
Antonino Rocca
4.2%
WWF North American Heavyweight Championship
Seiji Sakaguchi
4%
WWF International Heavyweight Championship
Akira Maeda
3.8%
WWF International Heavyweight Championship
Tony Parisi
3.6%
WWF Junior Heavyweight Championship
Hiro Saito
3.4%
WWF International Heavyweight Championship
Riki Choshu
2.6%
WWF World Martial Arts Heavyweight Championship
Shota Chochishvili
2.5%
WWWF United States Heavyweight Championship
Ray Stevens
2%
WWF Junior Heavyweight Championship
Carlos Jose Estrada
1.8%
WWF Junior Heavyweight Championship
Johnny De Fazio
1.8%
WWF Junior Heavyweight Championship
Jackie Nicholas
1.7%
WWF Junior Heavyweight Championship
Paul DeGalles
1.7%
WWWF United States Heavyweight Championship
Johnny Barend
1.6%
WWF International Heavyweight Championship
Gino Brito
1.6%
Quiz Playlist
Details
Report
Send in Message
Add To Playlist
Classic:
Type in answers that appear in a list
Last Updated: Apr 23, 2017
Quiz Scoreboard
CHALLENGE
Sign Up to Join the Scoreboard
Show All
Scores
Hide
Comments
May contain spoilers
Recently Published
Image Sorting: Flags VI
by Barbecue
Geography
2m
Find the 'City' Movie
by crazypaving
Movies
60s
Colored Red Africa Blitz
by spor1
Geography
45s
More to Explore
Quiz From the Vault
Featured Blog Post
14 Easter Pick-up Lines to Find Eggs With
hide this ad
You Might Also Like...
Tags
WWE Quiz
champion
Heavyweight Champions
Most Championships
Pro Wrestling
WCW Champions
World Title
Wrestling
Wrestling Champions
WWF
WWF Champions
WWF Championship
Today's Top Quizzes in Sports
Browse Sports
hide this ad
Today's Top Quizzes in WWE
Browse WWE
Top Contributed Quizzes in Sports
1
Les meilleurs buteurs des matchs entre le PSG et l’OM
2
Les entraîneurs de l'OM et du PSG au 21e siècle
3
Les joueurs passés par le PSG et l'OM
4
2022 World Cup Stars
5
Players with Multiple 50 Home Run Seasons
6
Criteria MLB: Left Handed Sluggers
7
MLB Players with Two .350 Batting Average Seasons
8
Les joueurs passés par le LOSC et le RC Lens
9
NBA Logic Puzzle 2.0
10
Top 10 NHL Goal Scorers of All Time
Explore More
Trending Topics
Anime
Kpop
Harry Potter
Crossword
NBA
Disney
Marvel
The Office
Pokémon
WWE
Country
Soccer
Puzzle
NFL
Song
hide this ad
More By:
antagonjst
Quiz
Plays
Rating
Category
Featured
Created
4.5+ Star WWE Matches, Part 1
25,278
4.77
Sports
Jul 3, 2016
Pro Wrestling Flagship PPV Main Events
8,066
5.00
Sports
Sep 11, 2016
Ultimate WWE Accomplishment Quiz
7,484
4.97
Sports
Aug 1, 2016
4.5+ Star WWE Matches, Part 2
5,459
5.00
Sports
Mar 4, 2018
10 Years of WWE Championship Defences
5,442
4.75
Sports
Aug 2, 2016
Go to Creator's Profile
Score Distribution
Quiz Creator Spotlight
antagonjst
Follow
Send a Message
Quizzes Created
-
Created Quiz Play Count
-
More By This Creator
Popular Quizzes Today
1
Colored Red Africa Blitz
2
Find the US States - No Outlines Minefield
3
Find the 'City' Movie
4
5x2 Blitz: Bands
5
The Countries of the World
6
Find the US States
7
Find the Countries of Europe - No Outlines Minefield
8
US States
More Sports Quizzes
NFL Super Bowl MVP per Letter
Published
Trending Quizzes
Colored Red Europe Blitz I
Colored Red Europe Blitz II
Colored Red Africa Blitz II
Colored Red Europe Blitz III
Colored Red Africa Blitz III
Recently Updated
How Do You Spell That?
pecheneg
Godzilla Movies
pecheneg
Grab Bag: 4-10 Letters
pecheneg
2024 March Madness Bracket
pecheneg
Famous TV Couples
Peacemaker
Champions League XIs: Real Madrid
pecheneg
Largest US Cities 1790-2010
pecheneg
Rides in Walt Disney World
pecheneg
Most Oscar Losses (Acting)
pecheneg
Beyoncé Albums
pecheneg
Trending Topics
NBA
Marvel
Kpop
Crossword
Harry Potter
Disney
Anime
The Office
WWE
Soccer
NFL
Pokémon
Country
Puzzle
Song
Your Account Isn't Verified!
In order to create a playlist on Sporcle, you need to verify the email address you used during registration. Go to your
Sporcle Settings
to finish the process.
Report this User
Report this user for behavior that violates our
Community Guidelines
.
Details:
Send Report
Go to the Sporcle.com Mobile Site →
Comments